| 000 -LEADER |
| fixed length control field |
00412nam a22001577a 4500 |
| 008 - FIXED-LENGTH DATA ELEMENTS--GENERAL INFORMATION |
| fixed length control field |
210115b ||||| |||| 00| 0 eng d |
| 082 00 - DEWEY DECIMAL CLASSIFICATION NUMBER |
| Classification number |
658.542 |
| Item number |
B2611 |
| 100 ## - MAIN ENTRY--PERSONAL NAME |
| 9 (RLIN) |
4250 |
| Personal name |
Barnes, Ralph M |
| 245 10 - TITLE STATEMENT |
| Title |
Motion and time study |
| 250 ## - EDITION STATEMENT |
| Edition statement |
4th ed. |
| 260 ## - PUBLICATION, DISTRIBUTION, ETC. (IMPRINT) |
| Place of publication, distribution, etc |
Calcutta |
| Name of publisher, distributor, etc |
Asia Publishing house |
| Date of publication, distribution, etc |
1965 |
| 300 ## - PHYSICAL DESCRIPTION |
| Extent |
xii,665 p. |
| 365 ## - TRADE PRICE |
| Unit of pricing |
18.00 |
| 650 #0 - SUBJECT ADDED ENTRY--TOPICAL TERM |
| Topical term or geographic name as entry element |
Motion Study |
| 942 ## - ADDED ENTRY ELEMENTS (KOHA) |
| Item type |
Books |